Ema a její kouzelná zoo. Rozpustilá panda /
Třetí díl volně na sebe navazující série o holčičce Emě, která s maminkou bydlí v ZOO a rozumí řeči zvířat. Pro děti od 7 let.
Uloženo v:
| Série: | Ema a její kouzelná zoo,
část 3 |
|---|---|
| Hlavní autor: | |
| Další autoři: | |
| Médium: | E-kniha |
| Jazyk: | Czech |
| Vydáno: |
Praha :
Fragment,
2018
|
| Vydání: | 1. vydání |
| Témata: | |
| Příbuzné jednotky: | Z cyklu::
Ema a její kouzelná zoo |
| Tagy: |
Žádné tagy |
| LEADER | 02640nam a2200505 i 4500 | ||
|---|---|---|---|
| 001 | 310939 | ||
| 003 | CZ PrSKC | ||
| 005 | 20260601215657.0 | ||
| 007 | ta | ||
| 008 | 180830s2018 xr a b 000 j cze | ||
| 015 | |a cnb003022941 | ||
| 020 | |a 9788025337929 |q (vázáno) : |c Kč 159,00 | ||
| 035 | |a (OCoLC)1078647943 | ||
| 040 | |a OLA001 |b cze |d ABA001 |e rda | ||
| 041 | 1 | |a cze |h eng | |
| 072 | 7 | |a 821.111-3 |x Anglická próza, anglicky psaná |2 Konspekt | |
| 072 | 7 | |a 821-93 |x Literatura pro děti a mládež (beletrie) |2 Konspekt | |
| 080 | |a 821.111-32 |2 MRF | ||
| 080 | |a 821-93 |2 MRF | ||
| 080 | |a (0:82-32) |2 MRF | ||
| 100 | 1 | |a Cobb, Amelia |7 xx0217911 |4 aut | |
| 240 | 1 | 0 | |a Playful panda. |l Česky |
| 245 | 1 | 0 | |a Ema a její kouzelná zoo. |p Rozpustilá panda / |c Amelia Cobb ; z anglického originálu Zoe's rescue zoo - The playful panda přeložila Eva Brožová |
| 246 | 3 | 0 | |a Rozpustilá panda |
| 250 | |a 1. vydání | ||
| 264 | 1 | |a Praha : |b Fragment, |c 2018 | |
| 300 | |a 109 stran : |b ilustrace ; |c 20 cm | ||
| 336 | |a text |b txt |2 rdacontent | ||
| 337 | |a bez média |b n |2 rdamedia | ||
| 338 | |a svazek |b nc |2 rdacarrier | ||
| 520 | 2 | |a Třetí díl volně na sebe navazující série o holčičce Emě, která s maminkou bydlí v ZOO a rozumí řeči zvířat. Pro děti od 7 let. |b Emin strýček Horác přiveze ze své záchranné výpravy hned dvojitý úlovek - roztomilá pandí dvojčata. Jedno z nich však neustále škádlí a zlobí svoji nesmělou sestru a nechce jí dát chvilku pokoj. Ema sice rozumí řeči zvířat, ale dokáže rozpustilé pandě vysvětlit, že když nepřestane zlobit, budou je muset rozdělit a ona svoji sestru možná už nikdy neuvidí? Nakladatelská anotace. | |
| 521 | 8 | |a Pro čtenáře od 7 let | |
| 655 | 7 | |a anglické příběhy |7 fd131813 |2 czenas | |
| 655 | 7 | |a publikace pro děti |7 fd133156 |2 czenas | |
| 655 | 9 | |a English stories |2 eczenas | |
| 655 | 9 | |a children's literature |2 eczenas | |
| 700 | 1 | |a Brožová, Eva |7 jn20010309864 |4 trl | |
| 765 | 1 | |t Zoe's rescue zoo | |
| 787 | 0 | 8 | |i Z cyklu: |t Ema a její kouzelná zoo |g 3 |
| 900 | |a ABA001 |b 21 | ||
| 928 | 9 | |a Albatros Media - Fragment | |
| 044 | |a xr | ||
| 910 | |a RBIT002 | ||
| 998 | |d 179335 |a https://core.palmknihy.cz/api/books/179335/cover?tf1sqr |b https://core.palmknihy.cz/api/books/179335/cover/400?tf1sqr |c https://core.palmknihy.cz/api/books/179335/cover/50?tf1sqr |e 2028-08-31 |g 112 |i 9788025337929 |j https://core.palmknihy.cz/api/books/179335/preview.epub |k https://core.palmknihy.cz/api/books/179335/preview.pdf |l |q 49 |r 1 |s https://www.palmknihy.cz/kniha/179335 |t ebook |y 2018 |z 0 |v Ema a její kouzelná zoo |w 3 | ||
| 999 | |d 310937 | ||